Audítorstvo

Na minha lista:
Detalhes bibliográficos
Autor principal: Kareš, Ladislav
Autor Corporativo: Ekonomická univerzita v Bratislave
Formato: Livro
Idioma:eslovaco
Publicado em: Bratislava SÚVAHA 2004
Assuntos:
Tags: Adicionar Tag
Sem tags, seja o primeiro a adicionar uma tag!

MARC

LEADER 00000nam$a2200000$$$4500
001 0019749
005 20240502071409.1
020 |a 80-88727-80-4 
041 0 |a slo 
044 |a SK 
245 1 0 |a Audítorstvo  |c Ladislav Kareš 
264 1 |a Bratislava  |b SÚVAHA  |c 2004 
300 |a 391 s. 
610 2 0 |a audítorstvo 
610 2 0 |a audit 
610 2 0 |a audítori 
610 2 0 |a Slovensko 
610 2 0 |a etika 
610 2 0 |a kontrola vnútorná 
610 2 0 |a závierka účtovná 
610 2 0 |a dokumentácia 
610 2 0 |a štandardy účtovné medzinárodné 
100 1 |a Kareš, Ladislav 
710 2 |a Ekonomická univerzita v Bratislave